<?xml version="1.0" encoding="UTF-8"?>
<record
    xmlns:xsi="http://www.w3.org/2001/XMLSchema-instance"
    xsi:schemaLocation="http://www.loc.gov/MARC21/slim http://www.loc.gov/standards/marcxml/schema/MARC21slim.xsd"
    xmlns="http://www.loc.gov/MARC21/slim">

  <leader>01154    a2200169   4500</leader>
  <controlfield tag="003">NUST</controlfield>
  <controlfield tag="005">20230131153012.0</controlfield>
  <datafield tag="040" ind1=" " ind2=" ">
    <subfield code="c">Nust</subfield>
  </datafield>
  <datafield tag="082" ind1=" " ind2=" ">
    <subfield code="a">941.1,COL</subfield>
  </datafield>
  <datafield tag="100" ind1=" " ind2=" ">
    <subfield code="a">Cole, D.H</subfield>
    <subfield code="9">48854</subfield>
  </datafield>
  <datafield tag="245" ind1=" " ind2=" ">
    <subfield code="a">Imperial Military geography /</subfield>
    <subfield code="c">D. H. Cole</subfield>
  </datafield>
  <datafield tag="260" ind1=" " ind2=" ">
    <subfield code="a">London</subfield>
    <subfield code="b">Sifton Praed &amp; Co</subfield>
    <subfield code="c">1950</subfield>
  </datafield>
  <datafield tag="300" ind1=" " ind2=" ">
    <subfield code="a">316:p.</subfield>
  </datafield>
  <datafield tag="505" ind1=" " ind2=" ">
    <subfield code="a">The Problems Of Commonwealth Defence (Page-1), The Political Organization Of The British Commonwealth (Page-6), The Defence Forces Of The British Commonwealth (Page-21), Great Britain And Western Europe (Page-33), Britain And The Atlantic Ocean (Page-56), Great Britain And The Mediterranean Area (Page-76), Britain And The Middle East (Page-94), Egypt And The Anglo Egyptian Sudan (Page-126), Britain The Indian Ocean And India (Page-149), Problems Of The Pacific Ocean (Page-170), The Air Routes Of The Empire (Page-189), Cables And Wireless (Page-197), British Possessions In East Central And West Africa (Page-205), The Dominion Bases (Page-234), The Population Of The Commonwealth (Page-275), Natural Resources Of The Commonwealth (Page-283).</subfield>
  </datafield>
  <datafield tag="650" ind1=" " ind2=" ">
    <subfield code="a"> Military geography</subfield>
    <subfield code="9">48855</subfield>
  </datafield>
  <datafield tag="942" ind1=" " ind2=" ">
    <subfield code="2">ddc</subfield>
    <subfield code="c">BK</subfield>
    <subfield code="k">941.1,COL</subfield>
  </datafield>
  <datafield tag="999" ind1=" " ind2=" ">
    <subfield code="c">187264</subfield>
    <subfield code="d">187264</subfield>
  </datafield>
  <datafield tag="952" ind1=" " ind2=" ">
    <subfield code="0">0</subfield>
    <subfield code="1">0</subfield>
    <subfield code="2">ddc</subfield>
    <subfield code="4">0</subfield>
    <subfield code="7">0</subfield>
    <subfield code="a">MCS</subfield>
    <subfield code="b">MCS</subfield>
    <subfield code="c">GEN</subfield>
    <subfield code="d">2016-12-12</subfield>
    <subfield code="o">941.1,COL</subfield>
    <subfield code="p">MCS29133</subfield>
    <subfield code="r">2016-12-08</subfield>
    <subfield code="w">2016-12-12</subfield>
    <subfield code="y">BK</subfield>
    <subfield code="z">Almirah No.60, Shelf No.4</subfield>
  </datafield>
</record>
